| 000 | 00581nam a2200193Ia 4500 | ||
|---|---|---|---|
| 003 | IN-BaIIA | ||
| 005 | 20260116095721.0 | ||
| 008 | 211028s9999 xx 000 0 eng d | ||
| 020 | _a0-85229-430-1 | ||
| 040 | _cIIA Library | ||
| 080 |
_a 058:5 _bYEA-86 |
||
| 245 | 0 |
_aYearbook of science and the future 1986 _cedited by David Calhoun |
|
| 260 |
_aChicago _bEncyclopaedia Britannica _c1985 |
||
| 300 | _a445p. | ||
| 650 | _aNASA Thesaurus | ||
| 650 |
_aScience-Yearbooks _913503 |
||
| 650 |
_aYearbooks-1986 _913504 |
||
| 942 |
_cBK _2ddc |
||
| 999 |
_c8500 _d8500 |
||